| 000 | 00702nam a2200193Ia 4500 | ||
|---|---|---|---|
| 005 | 20260615121704.0 | ||
| 008 | 210122b ###||||| |||| 00| 0 spa d | ||
| 040 |
_aBIBLIOTECA MUNICIPAL DE BARRANCO _cBIBLIOTECA MUNICIPAL DE BARRANCO |
||
| 043 | _cPe. | ||
| 082 |
_2869.56 _bL73I 1996. |
||
| 100 | _aLizarbe Mansanilla Mauro Baltazar | ||
| 245 | 0 |
_aEl ingenio, historia su gente y sus leyendas / _cMauro Lizarbe Mansilla. |
|
| 260 |
_aNazca ; _bMunicipalidad Distrital El Ingenio; _c1996. |
||
| 300 |
_a232 p. _c21 cm. |
||
| 650 | 0 |
_99045 _aCuentos peruanos-Siglo XX. |
|
| 650 | 0 |
_99046 _aCuentos peruanos-Nazca (Ica) |
|
| 942 |
_cBK _2ddc _zAAOH _e2026-06-15 |
||
| 999 |
_c8342 _d8342 |
||